TV Best Friends: One Name, One Face Quiz Stats

 Plays Quiz Updated Mar 31, 2019

Score 0/20 Timer 02:30
0 Plays Today
% Correct
Joey Tribbiani
(Friends)
95%
Fred Flintstone
(The Flintstones)
93.8%
Spock
(Star Trek)
92.9%
George Costanza
(Seinfeld)
91.3%
Ethel Mertz
(I Love Lucy)
86.8%
Cristina Yang
(Grey's Anatomy)
85.4%
Blanche Devereaux
(The Golden Girls)
85.3%
Norm Peterson
(Cheers)
83.6%
D.J. Tanner
(Full House)
82.8%
J.D. Dorian
(Scrubs)
78.7%
% Correct
Ted Mosby
(How I Met Your Mother)
77.6%
Laverne DeFazio
(Laverne & Shirley)
75.9%
Shawn Hunter
(Boy Meets World)
75.9%
A.C. Slater
(Saved by the Bell)
75.7%
Pacey Witter
(Dawson's Creek)
74.5%
Paul Pfeiffer
(The Wonder Years)
74.3%
Sookie St. James
(Gilmore Girls)
73.2%
Patsy Stone
(Absolutely Fabulous)
73.2%
Karen Walker
(Will & Grace)
67.6%
Charlie Kelly
(It's Always Sunny
in Philadelphia)
67.5%

You're not logged in!

Compare scores with friends on all Sporcle quizzes.
OR
Log In

Sporcle TV

Today on Sporcle TV


Watch our educational content, quiz creation guides, and fun videos on Sporcle TV.

Show Comments

Extras

Top Quizzes Today


Score Distribution

Your Account Isn't Verified!

In order to create a playlist on Sporcle, you need to verify the email address you used during registration. Go to your Sporcle Settings to finish the process.

Report this User

Report this user for behavior that violates our Community Guidelines.

Details: